<?xml version="1.0" encoding="UTF-8"?>
<marc:record xmlns:marc="http://www.loc.gov/MARC21/slim">
   <marc:leader>00000nam a2200000 a 4500</marc:leader>
   <marc:datafield ind1="1" ind2=" " tag="100">
      <marc:subfield code="a">Colombani, Laetitia</marc:subfield>
      <marc:subfield code="4">aut</marc:subfield>
      <marc:subfield code="e">Verfasser/-in</marc:subfield>
   </marc:datafield>
   <marc:datafield ind1=" " ind2=" " tag="653">
      <marc:subfield code="a">Französische Literatur</marc:subfield>
   </marc:datafield>
   <marc:datafield ind1="0" ind2="0" tag="245">
      <marc:subfield code="a">Das Haus der Frauen</marc:subfield>
   </marc:datafield>
   <marc:datafield ind1="0" ind2="0" tag="245">
      <marc:subfield code="b">Roman</marc:subfield>
   </marc:datafield>
   <marc:datafield ind1="0" ind2="0" tag="245">
      <marc:subfield code="c">Colombani, Laetitia</marc:subfield>
   </marc:datafield>
   <marc:datafield ind1=" " ind2="1" tag="264">
      <marc:subfield code="a">Frankfurt am Main</marc:subfield>
      <marc:subfield code="b">S. Fischer Verlag</marc:subfield>
      <marc:subfield code="c">2020</marc:subfield>
   </marc:datafield>
   <marc:datafield ind1=" " ind2=" " tag="250">
      <marc:subfield code="a">Dt. Erstausg.</marc:subfield>
   </marc:datafield>
   <marc:datafield ind1="1" ind2=" " tag="520">
      <marc:subfield code="a">Laetitia Colombanis neuer Roman über zwei heldenhafte Frauen - für alle Leserinnen von »Der Zopf«&lt;br/&gt;In Paris steht ein Haus, das allen Frauen dieser Welt Zuflucht bietet. Auch der erfolgreichen Anwältin Solène, die nach einem Zusammenbruch ihr Leben in Frage stellt. Im »Haus der Frauen« schreibt sie nun im Auftrag der Bewohnerinnen Briefe - an die Ausländerbehörde, den zurückgelassenen Sohn in Guinea, den Geliebten - und erfährt das Glück des Zusammenhalts und die Magie dieses Hauses. Weil Solène anderen hilft, hat ihr Leben wieder einen Sinn. Doch wer war die Frau, die vor hundert Jahren allen Widerständen zum Trotz diesen Schutzort schuf? Solène beschließt, die Geschichte der Begründerin Blanche Peyron aufzuschreiben. &lt;br/&gt;Ein ergreifender Roman über mutige Frauen und ein Plädoyer für mehr Solidarität.&lt;br/&gt;[Verlagsmeldung]</marc:subfield>
   </marc:datafield>
   <marc:datafield ind1=" " ind2=" " tag="020">
      <marc:subfield code="a">9783103900033</marc:subfield>
      <marc:subfield code="9">9783103900033</marc:subfield>
   </marc:datafield>
   <marc:datafield ind1=" " ind2=" " tag="020">
      <marc:subfield code="a">3103900031</marc:subfield>
      <marc:subfield code="9">3103900031</marc:subfield>
   </marc:datafield>
   <marc:datafield ind1=" " ind2=" " tag="041">
      <marc:subfield code="a">ger</marc:subfield>
   </marc:datafield>
   <marc:datafield ind1=" " ind2=" " tag="338">
      <marc:subfield code="a">Band</marc:subfield>
   </marc:datafield>
   <marc:datafield ind1=" " ind2=" " tag="300">
      <marc:subfield code="a">254 S.</marc:subfield>
   </marc:datafield>
</marc:record>
